000 00663nam a22001937a 4500
005 20170825150120.0
010 _aENG-120135
020 _c500.00
_a9789383968039
035 _aEN-103667
037 _bDBAD/PUB
082 _a881
100 _aKaul, Suvir
245 _aOf gardens and graves :
_cby Suvir Kaul ; Photographs by Javed Dar
_bessays on Kashmir poem in translation /
260 _aGurgaon (Haryana)
_bThree Essays Collective
_c2015
270 _aB-957 Palam Vihar,
_bGurgaon (Haryana)
_e122017
300 _axii,244p. :
_c21cm(pbk)
_bill.
500 _aIncludes bibliographical references and index
942 _2ddc
_cEN
_h881
_mKAU
999 _c143841
_d143841